| 000 | 00779nem a2200253 i 4500 | ||
|---|---|---|---|
| 003 | OSt | ||
| 005 | 20220629005909.0 | ||
| 006 | a|||||r|c||a | 0 | ||
| 007 | aj ca||a | ||
| 008 | 220621s1975 mx ||||| |a||a 0| 0 spa d | ||
| 034 | _a1:5000 | ||
| 040 | _cCHAP | ||
| 041 | _aESP | ||
| 043 | _aMX | ||
| 110 | 0 |
_925677 _aComisión de Estudios del Territorio Nacional. México |
|
| 245 |
_aCalvillo, Aguascalientes : _bFotografía aérea. _c/ Comisión de Estudios del Territorio Nacional |
||
| 255 | _a1:5000 | ||
| 264 |
_aCiudad de México : _bCETENAL, _c1971. |
||
| 300 | _aUna fotografía aérea | ||
| 490 | _aFotografía aérea. | ||
| 507 | _aEscala aproximada. | ||
| 651 | 0 |
_9185158 _aCalvillo, Aguascalientes. México _xFotografía aérea _vMapa |
|
| 942 |
_2ddc _cMAP |
||
| 999 |
_c217292 _d217292 |
||